000
00294nam a22001217a 4500
008
180521b xxu||||| |||| 00| 0 eng d
041
_a
eng
080
_a
043.3
100
_a
0
101
_a
MBE-BA
245
_a
Adoptimi i Euro-s ne Kosove: Perparesite dhe te metat
_c
Suka, V
942
_2
udc
_c
BK
999
_c
46124
_d
46124